<?xml version="1.0" encoding="UTF-8"?><?xml-stylesheet type="text/xsl" href="static/style.xsl"?><OAI-PMH xmlns="http://www.openarchives.org/OAI/2.0/" xmlns:xsi="http://www.w3.org/2001/XMLSchema-instance" xsi:schemaLocation="http://www.openarchives.org/OAI/2.0/ http://www.openarchives.org/OAI/2.0/OAI-PMH.xsd"><responseDate>2026-06-07T07:42:09Z</responseDate><request verb="GetRecord" identifier="oai:riuma.uma.es:10630/40684" metadataPrefix="marc">https://riuma.uma.es/rest/oai/request</request><GetRecord><record><header><identifier>oai:riuma.uma.es:10630/40684</identifier><datestamp>2026-02-03T11:33:06Z</datestamp><setSpec>com_10630_2254</setSpec><setSpec>col_10630_37953</setSpec></header><metadata><record xmlns="http://www.loc.gov/MARC21/slim" xmlns:dcterms="http://purl.org/dc/terms/" xmlns:doc="http://www.lyncode.com/xoai" xmlns:xsi="http://www.w3.org/2001/XMLSchema-instance" xsi:schemaLocation="http://www.loc.gov/MARC21/slim http://www.loc.gov/standards/marcxml/schema/MARC21slim.xsd">
   <leader>00925njm 22002777a 4500</leader>
   <datafield ind2=" " ind1=" " tag="042">
      <subfield code="a">dc</subfield>
   </datafield>
   <datafield ind2=" " ind1=" " tag="720">
      <subfield code="a">Anders, Jake</subfield>
      <subfield code="e">author</subfield>
   </datafield>
   <datafield ind2=" " ind1=" " tag="720">
      <subfield code="a">Jerrim, John</subfield>
      <subfield code="e">author</subfield>
   </datafield>
   <datafield ind2=" " ind1=" " tag="720">
      <subfield code="a">Ladrón de Guevara Rodríguez, Maria</subfield>
      <subfield code="e">author</subfield>
   </datafield>
   <datafield ind2=" " ind1=" " tag="720">
      <subfield code="a">Marcenaro-Gutiérrez, Óscar David</subfield>
      <subfield code="e">author</subfield>
   </datafield>
   <datafield ind2=" " ind1=" " tag="260">
      <subfield code="c">2025-11-01</subfield>
   </datafield>
   <datafield ind2=" " ind1=" " tag="520">
      <subfield code="a">Many countries are grappling with the long shadow that COVID has cast over their education systems, including dramatic increases in absence from school. This paper presents new insights into this issue by investigating how the proportion of teenagers skipping school has changed following the COVID-19 pandemic across the developed world. We find that this problem is mainly confined to industrialised English-speaking nations, especially affecting teenage girls. In contrast, the proportion of 15-year-olds skipping school remains similar to pre-pandemic levels in most other members of the OECD. Counter to much of the previous literature on COVID-induced learning loss, we find no evidence of a link between student truancy and length of school closures. Our results do highlight, however, that English-speaking nations risk falling behind their international competitors unless radical action is taken to reduce the growing number of teenagers regularly skipping school.</subfield>
   </datafield>
   <datafield ind1="8" ind2=" " tag="024">
      <subfield code="a">Anders, J., Jerrim, J., Ladrón de Guevara Rodríguez, M. y Marcenaro-Gutierrez, O. D. (2025). “The rise in teenagers skipping school across English speaking countries. Evidence from PISA”. Educational Assessment, Evaluation and Accountability</subfield>
   </datafield>
   <datafield ind1="8" ind2=" " tag="024">
      <subfield code="a">https://hdl.handle.net/10630/40684</subfield>
   </datafield>
   <datafield ind1="8" ind2=" " tag="024">
      <subfield code="a">10.1007/s11092-025-09470-z</subfield>
   </datafield>
   <datafield tag="653" ind2=" " ind1=" ">
      <subfield code="a">COVID-19 - Influencia y consecuencias</subfield>
   </datafield>
   <datafield tag="653" ind2=" " ind1=" ">
      <subfield code="a">Educación - Modelos matemáticos</subfield>
   </datafield>
   <datafield tag="653" ind2=" " ind1=" ">
      <subfield code="a">Absentismo escolar</subfield>
   </datafield>
   <datafield ind2="0" ind1="0" tag="245">
      <subfield code="a">The rise in teenagers skipping school across English speaking countries. Evidence from PISA.</subfield>
   </datafield>
</record>
</metadata></record></GetRecord></OAI-PMH>